[Event "Turniej Blitza na II Lidze Juniorów 2018"]
[Site "Szczyrk, Poland"]
[Date "????.??.??"]
[Round "6.51"]
[White "Trzebinski, Sylwester"]
[Black "Majewski, Krzysztof"]
[Result "0-1"]
[TimeControl "3'+2\""]
[WhiteElo "1182"]
[BlackElo "1323"]

1. e4 {[%emt 00:00:56]} e6 {[%emt 00:00:03]} 2. Nf3 {[%emt 00:00:02]} d5 3. e5
{[%emt 00:00:02]} c5 4. d4 {[%emt 00:00:07]} Nc6 {[%emt 00:00:02]} 5. Be3
{[%emt 00:00:09]} Qb6 {[%emt 00:00:02]} 6. b3 {[%emt 00:00:05]} Bd7 {[%emt
00:00:11]} 7. Bd3 {[%emt 00:00:08]} Nge7 {[%emt 00:00:07]} 8. O-O {[%emt
00:00:06]} Ng6 {[%emt 00:00:10]} 9. Bxg6 {[%emt 00:00:06]} hxg6 10. Ng5 {[%emt
00:00:11]} Be7 {[%emt 00:00:17]} 11. c3 {[%emt 00:00:16]} cxd4 {[%emt
00:00:03]} 12. cxd4 {[%emt 00:00:05]} Bxg5 {[%emt 00:00:02]} 13. Bxg5 {[%emt
00:00:02]} Qxd4 {[%emt 00:00:03]} 14. Qxd4 {[%emt 00:00:13]} Nxd4 {[%emt
00:00:02]} 15. Nc3 {[%emt 00:00:17]} Rh5 {[%emt 00:00:06]} 16. Bf4 {[%emt
00:00:07]} b5 {[%emt 00:00:04]} 17. Rad1 {[%emt 00:00:04]} b4 {[%emt 00:00:13]}
18. Na4 {[%emt 00:00:12]} Ne2+ {[%emt 00:00:02]} 19. Kh1 {[%emt 00:00:07]} Nxf4
{[%emt 00:00:02]} 20. Nc5 {[%emt 00:00:08]} Ke7 {[%emt 00:00:04]} 21. g3 {[%emt
00:00:04]} Ne2 {[%emt 00:00:04]} 22. Rfe1 {[%emt 00:00:17]} Nc3 {[%emt
00:00:03]} 23. g4 {[%emt 00:00:09]} Nxd1 {[%emt 00:00:05]} 24. gxh5 {[%emt
00:00:03]} Nxf2+ {[%emt 00:00:02]} 25. Kg2 {[%emt 00:00:08]} Ne4 {[%emt
00:00:04]} 26. Nxe4 {[%emt 00:00:03]} dxe4 {[%emt 00:00:01]} 27. Rxe4 {[%emt
00:00:02]} Bc6 {[%emt 00:00:01]} 28. Kf3 {[%emt 00:00:04]} Rd8 {[%emt
00:00:02]} 29. Kf4 {[%emt 00:00:05]} Bxe4 {[%emt 00:00:02]} 30. Kxe4 {[%emt
00:00:01]} gxh5 {[%emt 00:00:01]} 31. Kf4 {[%emt 00:00:02]} Rd5 {[%emt
00:00:03]} 32. h3 {[%emt 00:00:06]} f6 {[%emt 00:00:01]} 33. exf6+ {[%emt
00:00:02]} Kxf6 {[%emt 00:00:02]} 0-1

[Event "Turniej Blitza na II Lidze Juniorów 2018"]
[Site "Szczyrk, Poland"]
[Date "????.??.??"]
[Round "6.33"]
[White "Kupiecki, Szymon"]
[Black "Bar, Klaudia"]
[Result "0-1"]
[TimeControl "3'+2\""]
[WhiteElo "1519"]
[BlackElo "1337"]

1. e4 {[%clk 00:03:03]} c5 {[%clk 00:03:04]} {[%emt 00:00:01]} 2. c4 {[%clk
00:03:04]} {[%emt 00:00:01]} Nc6 {[%clk 00:03:03]} {[%emt 00:00:03]} 3. Nc3
{[%clk 00:03:04]} {[%emt 00:00:01]} g6 {[%clk 00:03:05]} 4. g3 {[%clk
00:03:05]} Bg7 {[%clk 00:03:06]} 5. Bg2 {[%clk 00:03:06]} {[%emt 00:00:01]} Nd4
{[%clk 00:03:04]} {[%emt 00:00:05]} 6. Nge2 {[%clk 00:03:01]} {[%emt 00:00:06]}
d6 {[%clk 00:03:05]} 7. Nxd4 {[%clk 00:03:02]} {[%emt 00:00:01]} Bxd4 {[%clk
00:03:07]} 8. d3 {[%clk 00:03:02]} {[%emt 00:00:01]} Bg7 {[%clk 00:03:08]} 9.
O-O {[%clk 00:02:57]} {[%emt 00:00:08]} Nf6 {[%clk 00:03:09]} 10. h3 {[%clk
00:02:56]} {[%emt 00:00:03]} O-O {[%clk 00:03:09]} {[%emt 00:00:02]} 11. f4
{[%clk 00:02:57]} {[%emt 00:00:01]} h5 {[%clk 00:03:05]} {[%emt 00:00:06]} 12.
Be3 {[%clk 00:02:55]} {[%emt 00:00:04]} Bd7 {[%clk 00:03:05]} {[%emt 00:00:02]}
13. Qd2 {[%clk 00:02:54]} {[%emt 00:00:03]} Qc8 {[%clk 00:03:07]} 14. Kh2
{[%clk 00:02:54]} {[%emt 00:00:01]} Kh7 {[%clk 00:03:05]} {[%emt 00:00:04]} 15.
e5 {[%clk 00:02:45]} {[%emt 00:00:11]} Ne8 {[%clk 00:02:56]} {[%emt 00:00:12]}
16. Nd5 {[%clk 00:02:39]} {[%emt 00:00:08]} e6 {[%clk 00:02:49]} {[%emt
00:00:08]} 17. Nc3 {[%clk 00:02:16]} {[%emt 00:00:26]} dxe5 {[%clk 00:02:49]}
{[%emt 00:00:02]} 18. fxe5 {[%clk 00:02:15]} {[%emt 00:00:02]} Bxe5 {[%clk
00:02:50]} {[%emt 00:00:01]} 19. Bh6 {[%clk 00:02:07]} {[%emt 00:00:10]} Bg7
{[%clk 00:02:49]} {[%emt 00:00:02]} 20. Bxg7 {[%clk 00:02:00]} {[%emt
00:00:10]} Kxg7 {[%clk 00:02:51]} {[%emt 00:00:01]} 21. Ne4 {[%clk 00:02:00]}
{[%emt 00:00:02]} Qd8 {[%clk 00:02:46]} {[%emt 00:00:06]} 22. Nxc5 {[%clk
00:01:57]} {[%emt 00:00:06]} Bc6 {[%clk 00:02:18]} {[%emt 00:00:29]} 23. Qc3+
{[%clk 00:01:47]} {[%emt 00:00:12]} Kh7 {[%clk 00:02:16]} {[%emt 00:00:03]} 24.
Bxc6 {[%clk 00:01:46]} {[%emt 00:00:04]} bxc6 {[%clk 00:02:17]} {[%emt
00:00:01]} 25. Ne4 {[%clk 00:01:47]} f5 {[%clk 00:02:15]} {[%emt 00:00:05]} 26.
Nc5 {[%clk 00:01:34]} {[%emt 00:00:15]} Qd6 {[%clk 00:02:09]} {[%emt 00:00:07]}
27. d4 {[%clk 00:01:33]} {[%emt 00:00:03]} e5 {[%clk 00:02:06]} {[%emt
00:00:06]} 28. Qb4 {[%clk 00:01:10]} {[%emt 00:00:24]} Rb8 {[%clk 00:01:37]}
{[%emt 00:00:31]} 29. Qa3 {[%clk 00:01:08]} {[%emt 00:00:04]} exd4 {[%clk
00:01:32]} {[%emt 00:00:08]} 30. Rae1 {[%clk 00:01:01]} {[%emt 00:00:08]} Nc7
{[%clk 00:01:21]} {[%emt 00:00:13]} 31. b4 {[%clk 00:00:49]} {[%emt 00:00:14]}
Rbe8 {[%clk 00:01:13]} {[%emt 00:00:10]} 32. Qxa7 {[%clk 00:00:43]} {[%emt
00:00:09]} Ra8 {[%clk 00:01:03]} {[%emt 00:00:11]} 33. Re6 {[%clk 00:00:13]}
{[%emt 00:00:32]} Qxe6 {[%clk 00:01:00]} {[%emt 00:00:06]} 34. Nxe6 {[%clk
00:00:14]} Rxa7 {[%clk 00:00:57]} {[%emt 00:00:04]} 35. Nxf8+ {[%clk 00:00:15]}
Kg7 {[%clk 00:00:53]} {[%emt 00:00:06]} 36. Nd7 {[%clk 00:00:13]} {[%emt
00:00:05]} Rxa2+ {[%clk 00:00:53]} {[%emt 00:00:03]} 37. Kg1 {[%clk 00:00:13]}
Rb2 {[%clk 00:00:45]} {[%emt 00:00:10]} 38. Re1 {[%clk 00:00:07]} {[%emt
00:00:08]} Kh6 {[%clk 00:00:30]} {[%emt 00:00:17]} 39. Ne5 {[%clk 00:00:04]}
{[%emt 00:00:05]} Rxb4 {[%clk 00:00:27]} {[%emt 00:00:06]} 40. h4 {[%clk
00:00:05]} Rb3 {[%clk 00:00:13]} {[%emt 00:00:15]} 41. Kh2 {[%clk 00:00:05]}
{[%emt 00:00:03]} Rb2+ {[%clk 00:00:07]} {[%emt 00:00:08]} 42. Kh3 {[%clk
00:00:06]} {[%emt 00:00:01]} Kg7 {[%clk 00:00:05]} {[%emt 00:00:04]} 43. Nxc6
{[%clk 00:00:06]} {[%emt 00:00:01]} d3 {[%clk 00:00:05]} {[%emt 00:00:02]} 44.
Rd1 {[%clk 00:00:07]} d2 {[%clk 00:00:03]} {[%emt 00:00:04]} 45. Ne5 {[%clk
00:00:08]} {[%emt 00:00:01]} Rc2 {[%clk 00:00:03]} {[%emt 00:00:02]} 46. Nf3
{[%clk 00:00:09]} Rxc4 {[%clk 00:00:03]} {[%emt 00:00:02]} 47. Rxd2 {[%clk
00:00:10]} Ne6 {[%clk 00:00:04]} {[%emt 00:00:02]} 48. Rd6 {[%clk 00:00:10]}
{[%emt 00:00:03]} Nc5 {[%clk 00:00:04]} {[%emt 00:00:02]} 49. Ne5 {[%clk
00:00:09]} {[%emt 00:00:02]} Re4 {[%clk 00:00:04]} {[%emt 00:00:02]} 50. Nxg6
{[%clk 00:00:09]} {[%emt 00:00:02]} Re3 {[%clk 00:00:04]} {[%emt 00:00:03]} 51.
Nf4 {[%clk 00:00:09]} Ne4 {[%clk 00:00:03]} {[%emt 00:00:03]} 52. Nxh5+ {[%clk
00:00:09]} {[%emt 00:00:02]} Kh7 {[%emt 00:00:03]} 53. Kg2 {[%clk 00:00:05]}
{[%emt 00:00:04]} Nxd6 {[%emt 00:00:03]} 54. Nf4 {[%clk 00:00:06]} Ra3 {[%clk
00:00:05]} {[%emt 00:00:02]} 55. Ne6 {[%clk 00:00:03]} {[%emt 00:00:04]} Ra2+
{[%clk 00:00:06]} 56. Kf3 {[%clk 00:00:05]} {[%emt 00:00:01]} Kg6 {[%clk
00:00:07]} 57. Nf4+ {[%clk 00:00:05]} Kf7 {[%clk 00:00:07]} {[%emt 00:00:02]}
58. h5 {[%clk 00:00:06]} {[%emt 00:00:01]} Ra3+ {[%clk 00:00:06]} {[%emt
00:00:04]} 59. Kg2 {[%clk 00:00:04]} {[%emt 00:00:04]} Ne4 {[%clk 00:00:05]}
{[%emt 00:00:02]} 60. Ng6 {[%emt 00:00:04]} 0-1

[Event "Turniej Blitza na II Lidze Juniorów 2018"]
[Site "Szczyrk, Poland"]
[Date "????.??.??"]
[Round "6.17"]
[White "Kukula, Karol"]
[Black "Binek, Dawid"]
[Result "1/2-1/2"]
[TimeControl "3'+2\""]
[WhiteElo "1478"]
[BlackElo "1353"]

1. e4 {[%clk 00:03:04]} e5 {[%clk 00:03:03]} {[%emt 00:00:02]} 2. Nf3 {[%clk
00:03:05]} Nc6 {[%clk 00:03:04]} 3. Nc3 {[%clk 00:03:06]} {[%emt 00:00:02]} Bc5
{[%clk 00:03:05]} 4. Nxe5 {[%clk 00:03:06]} {[%emt 00:00:02]} Bxf2+ {[%clk
00:03:05]} {[%emt 00:00:02]} 5. Kxf2 {[%clk 00:03:06]} Nxe5 {[%clk 00:03:07]}
{[%emt 00:00:01]} 6. d4 {[%clk 00:03:07]} {[%emt 00:00:02]} Ng6 {[%clk
00:03:00]} {[%emt 00:00:08]} 7. Bd3 {[%clk 00:03:05]} {[%emt 00:00:05]} d6
{[%clk 00:02:57]} {[%emt 00:00:05]} 8. Rf1 {[%clk 00:02:52]} {[%emt 00:00:14]}
c6 {[%clk 00:02:37]} {[%emt 00:00:22]} 9. Kg1 {[%clk 00:02:52]} {[%emt
00:00:02]} N8e7 {[%clk 00:02:34]} {[%emt 00:00:06]} 10. Be3 {[%clk 00:02:33]}
{[%emt 00:00:21]} O-O {[%clk 00:02:19]} {[%emt 00:00:17]} 11. Qd2 {[%clk
00:02:32]} {[%emt 00:00:03]} Kh8 {[%clk 00:02:04]} {[%emt 00:00:17]} 12. Rf2
{[%clk 00:02:33]} {[%emt 00:00:01]} Be6 {[%clk 00:01:57]} {[%emt 00:00:09]} 13.
Raf1 {[%clk 00:02:33]} {[%emt 00:00:01]} d5 {[%clk 00:01:58]} {[%emt 00:00:02]}
14. exd5 {[%clk 00:02:12]} {[%emt 00:00:23]} Nxd5 {[%clk 00:01:52]} {[%emt
00:00:08]} 15. Nxd5 {[%clk 00:02:12]} {[%emt 00:00:02]} Bxd5 {[%emt 00:00:57]}
16. Bxg6 {[%emt 00:00:02]} hxg6 {[%emt 00:00:06]} 17. Rf4 {[%emt 00:00:03]} g5
{[%emt 00:00:16]} 1/2-1/2

[Event "Turniej Blitza na II Lidze Juniorów 2018"]
[Site "Szczyrk, Poland"]
[Date "????.??.??"]
[Round "6.65"]
[White "Rudas, Borys"]
[Black "Zabrzanski, Marcin"]
[Result "0-1"]
[TimeControl "3'+2\""]
[WhiteElo "1257"]
[BlackElo "1112"]

1. e4 {[%clk 00:03:02]} {[%emt 00:00:01]} d5 {[%clk 00:03:03]} {[%emt
00:00:01]} 2. exd5 {[%clk 00:03:03]} {[%emt 00:00:01]} Qxd5 {[%clk 00:03:05]}
{[%emt 00:00:01]} 3. Nc3 {[%clk 00:03:03]} {[%emt 00:00:02]} Qd6 {[%clk
00:03:06]} 4. Nf3 {[%clk 00:03:03]} {[%emt 00:00:02]} Nf6 {[%clk 00:03:06]}
{[%emt 00:00:02]} 5. Bc4 {[%clk 00:03:03]} {[%emt 00:00:02]} Bg4 {[%clk
00:03:07]} {[%emt 00:00:01]} 6. O-O {[%clk 00:03:00]} {[%emt 00:00:05]} e6
{[%clk 00:03:08]} 7. h3 {[%clk 00:03:00]} {[%emt 00:00:03]} Bh5 {[%clk
00:03:10]} {[%emt 00:00:01]} 8. d3 {[%clk 00:02:55]} {[%emt 00:00:07]} c6
{[%clk 00:03:11]} 9. Bg5 {[%clk 00:02:54]} {[%emt 00:00:02]} Be7 {[%clk
00:03:12]} {[%emt 00:00:01]} 10. Qe2 {[%clk 00:02:48]} {[%emt 00:00:08]} h6
{[%clk 00:03:12]} {[%emt 00:00:03]} 11. Bxf6 {[%clk 00:02:48]} {[%emt
00:00:02]} Bxf6 {[%clk 00:03:12]} 12. Qe3 {[%clk 00:02:34]} {[%emt 00:00:16]}
Bxc3 {[%clk 00:03:05]} {[%emt 00:00:09]} 13. bxc3 {[%clk 00:02:35]} b5 {[%clk
00:03:05]} {[%emt 00:00:02]} 14. Bb3 {[%clk 00:02:35]} {[%emt 00:00:02]} Nd7
{[%clk 00:03:02]} {[%emt 00:00:05]} 15. a4 {[%clk 00:02:35]} {[%emt 00:00:02]}
Nc5 {[%clk 00:02:56]} {[%emt 00:00:09]} 16. axb5 {[%clk 00:02:27]} {[%emt
00:00:10]} Nxb3 {[%clk 00:02:56]} 17. cxb3 {[%clk 00:02:28]} {[%emt 00:00:02]}
cxb5 {[%clk 00:02:52]} {[%emt 00:00:07]} 18. Rxa7 {[%clk 00:02:22]} {[%emt
00:00:07]} O-O {[%clk 00:02:51]} {[%emt 00:00:02]} 19. Rxa8 {[%clk 00:02:21]}
{[%emt 00:00:03]} Rxa8 {[%clk 00:02:52]} {[%emt 00:00:02]} 20. d4 {[%clk
00:02:21]} {[%emt 00:00:02]} Ra3 {[%clk 00:02:44]} {[%emt 00:00:10]} 0-1

[Event "Turniej Blitza na II Lidze Juniorów 2018"]
[Site "Szczyrk, Poland"]
[Date "????.??.??"]
[Round "6.32"]
[White "Wojtasik, Szymon"]
[Black "Trzebinski, Patryk"]
[Result "1-0"]
[TimeControl "3'+2\""]
[WhiteElo "1323"]
[BlackElo "1537"]

1. e4 {[%clk 00:03:02]} {[%emt 00:01:18]} e5 {[%clk 00:03:02]} {[%emt
00:00:02]} 2. Nf3 {[%clk 00:03:02]} {[%emt 00:00:02]} d5 {[%clk 00:03:02]} 3.
exd5 {[%clk 00:03:02]} {[%emt 00:00:03]} e4 {[%clk 00:03:02]} 4. Qe2 {[%clk
00:03:02]} {[%emt 00:00:02]} Be7 {[%clk 00:03:02]} {[%emt 00:00:02]} 5. Qxe4
{[%clk 00:03:02]} {[%emt 00:00:02]} Nf6 {[%clk 00:03:03]} {[%emt 00:00:03]} 6.
Qa4+ {[%clk 00:03:00]} {[%emt 00:00:11]} Nbd7 {[%clk 00:03:03]} {[%emt
00:00:02]} 7. Nc3 {[%clk 00:02:53]} {[%emt 00:00:10]} O-O {[%clk 00:03:04]}
{[%emt 00:00:01]} 8. Be2 {[%clk 00:02:49]} {[%emt 00:00:06]} Nb6 {[%clk
00:02:55]} {[%emt 00:00:10]} 9. Qb3 {[%clk 00:02:48]} {[%emt 00:00:03]} Nbxd5
{[%clk 00:02:54]} {[%emt 00:00:03]} 10. d4 {[%clk 00:02:24]} {[%emt 00:00:26]}
Bf5 {[%clk 00:02:49]} {[%emt 00:00:06]} 11. O-O {[%clk 00:01:55]} {[%emt
00:00:33]} Nb4 {[%clk 00:02:36]} {[%emt 00:00:15]} 12. Bd1 {[%clk 00:01:17]}
{[%emt 00:00:39]} Be6 {[%clk 00:02:25]} {[%emt 00:00:13]} 13. Qa4 {[%clk
00:01:02]} {[%emt 00:00:17]} Nc6 {[%clk 00:02:16]} {[%emt 00:00:12]} 14. Be3
{[%clk 00:00:52]} {[%emt 00:00:12]} Nd5 {[%clk 00:02:11]} {[%emt 00:00:07]} 15.
Nxd5 {[%clk 00:00:50]} {[%emt 00:00:04]} Qxd5 {[%clk 00:02:05]} {[%emt
00:00:08]} 16. c4 {[%clk 00:00:45]} {[%emt 00:00:07]} Qxc4 {[%clk 00:02:01]}
{[%emt 00:00:05]} 17. Qc2 {[%clk 00:00:14]} {[%emt 00:00:34]} Bf6 {[%clk
00:01:52]} {[%emt 00:00:11]} 18. Qxc4 {[%clk 00:00:07]} {[%emt 00:00:09]} Bxc4
{[%emt 00:00:02]} 19. Re1 Rad8 {[%clk 00:01:41]} {[%emt 00:00:11]} 20. Rc1
{[%clk 00:00:06]} {[%emt 00:00:03]} Bxa2 {[%emt 00:00:06]} 21. b3 Na5 {[%clk
00:01:06]} {[%emt 00:00:32]} 22. Ra1 {[%clk 00:00:09]} Nxb3 23. Rxa2 Nxd4
{[%clk 00:00:56]} {[%emt 00:00:02]} 24. Nxd4 {[%clk 00:00:11]} Bxd4 {[%clk
00:00:57]} 25. Bxd4 {[%clk 00:00:12]} {[%emt 00:00:01]} Rxd4 {[%clk 00:00:56]}
{[%emt 00:00:03]} 26. Rxa7 {[%clk 00:00:14]} Rfd8 {[%clk 00:00:53]} {[%emt
00:00:04]} 27. Bf3 {[%clk 00:00:15]} c5 {[%clk 00:00:43]} {[%emt 00:00:12]} 28.
Rxb7 {[%clk 00:00:15]} {[%emt 00:00:02]} c4 {[%clk 00:00:44]} 29. Rc7 {[%clk
00:00:16]} {[%emt 00:00:01]} g6 {[%clk 00:00:32]} {[%emt 00:00:15]} 30. Rc1
{[%clk 00:00:17]} Rb8 {[%clk 00:00:26]} {[%emt 00:00:08]} 31. h3 {[%clk
00:00:11]} {[%emt 00:00:09]} Rb4 {[%clk 00:00:21]} {[%emt 00:00:06]} 32. Be2
{[%clk 00:00:11]} {[%emt 00:00:02]} Rb2 {[%clk 00:00:14]} {[%emt 00:00:09]} 33.
R7xc4 {[%clk 00:00:10]} {[%emt 00:00:04]} Rdd2 {[%clk 00:00:14]} 34. Rc8+
{[%clk 00:00:09]} {[%emt 00:00:04]} Kg7 {[%clk 00:00:15]} 35. Bf3 {[%clk
00:00:10]} {[%emt 00:00:01]} Rxf2 {[%clk 00:00:15]} {[%emt 00:00:02]} 36. Rf1
{[%clk 00:00:11]} Rfd2 {[%clk 00:00:14]} {[%emt 00:00:02]} 37. Re8 {[%clk
00:00:11]} {[%emt 00:00:02]} Rbc2 {[%clk 00:00:14]} {[%emt 00:00:02]} 38. Re4
{[%clk 00:00:11]} {[%emt 00:00:02]} Rc5 {[%clk 00:00:13]} {[%emt 00:00:02]} 39.
Rd1 {[%clk 00:00:11]} {[%emt 00:00:03]} Rb2 {[%clk 00:00:10]} {[%emt 00:00:05]}
40. Re2 {[%clk 00:00:12]} {[%emt 00:00:02]} Rb3 {[%clk 00:00:09]} {[%emt
00:00:02]} 41. Kf2 {[%clk 00:00:12]} {[%emt 00:00:02]} Rcc3 {[%clk 00:00:10]}
{[%emt 00:00:02]} 42. Rdd2 {[%clk 00:00:09]} {[%emt 00:00:04]} Rb4 {[%clk
00:00:10]} {[%emt 00:00:02]} 43. Rc2 {[%clk 00:00:10]} {[%emt 00:00:02]} Rd3
{[%clk 00:00:09]} {[%emt 00:00:02]} 44. Rcd2 {[%clk 00:00:11]} {[%emt
00:00:01]} Ra3 {[%clk 00:00:10]} {[%emt 00:00:01]} 45. Ra2 {[%clk 00:00:12]}
{[%emt 00:00:01]} Rab3 {[%clk 00:00:10]} {[%emt 00:00:02]} 46. Rad2 {[%clk
00:00:11]} {[%emt 00:00:04]} Rf4 {[%clk 00:00:07]} {[%emt 00:00:05]} 47. Re3
{[%clk 00:00:07]} {[%emt 00:00:06]} Rbb4 {[%clk 00:00:04]} {[%emt 00:00:05]} 48.
Rde2 {[%clk 00:00:07]} {[%emt 00:00:02]} g5 {[%clk 00:03:02]} {[%emt 00:00:08]}
1-0

[Event "Turniej Blitza na II Lidze Juniorów 2018"]
[Site "Szczyrk, Poland"]
[Date "????.??.??"]
[Round "6.30"]
[White "Laszczuk, Zuzanna"]
[Black "Pedrak, Paulina"]
[Result "0-1"]
[TimeControl "3'+2\""]
[WhiteElo "1368"]
[BlackElo "1596"]

1. e4 {[%clk 00:03:03]} {[%emt 00:00:01]} c5 {[%clk 00:03:03]} {[%emt
00:00:01]} 2. d3 {[%clk 00:03:04]} {[%emt 00:00:01]} e6 {[%clk 00:03:03]}
{[%emt 00:00:02]} 3. g3 {[%clk 00:03:06]} d5 {[%clk 00:03:01]} {[%emt
00:00:03]} 4. Nd2 {[%clk 00:03:06]} {[%emt 00:00:02]} Nc6 {[%clk 00:02:59]}
{[%emt 00:00:05]} 5. Bg2 {[%clk 00:03:07]} Nf6 {[%clk 00:02:42]} {[%emt
00:00:19]} 6. f4 {[%clk 00:03:08]} {[%emt 00:00:02]} Be7 {[%clk 00:02:27]}
{[%emt 00:00:17]} 7. Ngf3 {[%clk 00:03:08]} {[%emt 00:00:02]} d4 {[%clk
00:02:23]} {[%emt 00:00:06]} 8. O-O {[%clk 00:03:07]} {[%emt 00:00:03]} Ng4
{[%clk 00:01:48]} {[%emt 00:00:37]} 9. Qe2 {[%clk 00:02:49]} {[%emt 00:00:19]}
Ne3 {[%clk 00:01:47]} {[%emt 00:00:05]} 10. Rf2 {[%clk 00:02:47]} {[%emt
00:00:03]} Nxc2 {[%clk 00:01:45]} {[%emt 00:00:04]} 11. Rb1 {[%clk 00:02:48]}
Ne3 {[%clk 00:01:40]} {[%emt 00:00:07]} 12. Nf1 {[%clk 00:02:45]} {[%emt
00:00:05]} Nxg2 {[%clk 00:01:39]} {[%emt 00:00:04]} 13. Rxg2 {[%clk 00:02:45]}
{[%emt 00:00:02]} Qa5 {[%clk 00:01:36]} {[%emt 00:00:04]} 14. a3 {[%clk
00:02:37]} {[%emt 00:00:10]} Qc7 {[%clk 00:01:18]} {[%emt 00:00:20]} 15. e5
{[%clk 00:02:35]} {[%emt 00:00:03]} Bd7 {[%clk 00:01:12]} {[%emt 00:00:08]} 16.
h3 {[%clk 00:02:24]} {[%emt 00:00:13]} Na5 {[%clk 00:01:03]} {[%emt 00:00:11]}
17. b4 {[%clk 00:02:00]} {[%emt 00:00:26]} Nc6 {[%clk 00:00:48]} {[%emt
00:00:17]} 18. Bd2 {[%clk 00:01:52]} {[%emt 00:00:10]} cxb4 {[%clk 00:00:36]}
{[%emt 00:00:15]} 19. axb4 {[%clk 00:01:52]} Qb6 {[%clk 00:00:33]} {[%emt
00:00:05]} 20. Qe1 {[%clk 00:01:36]} {[%emt 00:00:19]} Nd8 {[%clk 00:00:18]}
{[%emt 00:00:17]} 21. Qe4 {[%clk 00:01:07]} {[%emt 00:00:30]} Bc6 {[%clk
00:00:13]} {[%emt 00:00:07]} 22. Qe2 {[%clk 00:00:55]} {[%emt 00:00:15]} Bd5
{[%clk 00:00:13]} {[%emt 00:00:02]} 23. Rf2 {[%clk 00:00:53]} {[%emt 00:00:04]}
Rc8 {[%clk 00:00:14]} {[%emt 00:00:01]} 24. Qd1 {[%clk 00:00:48]} {[%emt
00:00:07]} Nc6 {[%clk 00:00:13]} {[%emt 00:00:03]} 25. b5 {[%clk 00:00:47]}
{[%emt 00:00:03]} Nd8 {[%clk 00:00:11]} {[%emt 00:00:04]} 26. N1h2 {[%clk
00:00:29]} {[%emt 00:00:19]} Rc5 {[%clk 00:00:12]} {[%emt 00:00:02]} 27. Nxd4
{[%clk 00:00:25]} {[%emt 00:00:05]} Rc8 {[%clk 00:00:10]} {[%emt 00:00:04]} 28.
Be3 {[%clk 00:00:24]} {[%emt 00:00:03]} Bc5 {[%clk 00:00:12]} {[%emt 00:00:01]}
29. Qa4 {[%clk 00:00:23]} {[%emt 00:00:03]} O-O {[%clk 00:00:09]} {[%emt
00:00:05]} 30. Re2 {[%clk 00:00:21]} {[%emt 00:00:03]} Re8 {[%clk 00:00:07]}
{[%emt 00:00:04]} 31. Nf1 {[%clk 00:00:19]} {[%emt 00:00:05]} Kf8 {[%clk
00:00:06]} {[%emt 00:00:03]} 32. Rc1 {[%clk 00:00:08]} {[%emt 00:00:13]} Kg8
{[%clk 00:00:04]} {[%emt 00:00:03]} 33. Kf2 {[%clk 00:00:08]} {[%emt 00:00:02]}
f6 {[%clk 00:00:04]} {[%emt 00:00:02]} 34. exf6 {[%clk 00:00:09]} {[%emt
00:00:02]} gxf6 {[%clk 00:00:06]} {[%emt 00:00:01]} 35. Nc2 {[%clk 00:03:02]}
{[%emt 00:00:08]} 0-1

[Event "Turniej Blitza na II Lidze Juniorów 2018"]
[Site "Szczyrk, Poland"]
[Date "????.??.??"]
[Round "6.14"]
[White "Krasiewicz, Robert"]
[Black "Madajczak, Piotr"]
[Result "1-0"]
[TimeControl "3'+2\""]
[WhiteElo "1842"]
[BlackElo "1380"]

1. c4 {[%clk 00:03:05]} f5 {[%clk 00:03:04]} {[%emt 00:00:02]} 2. g3 {[%clk
00:03:07]} Nf6 {[%clk 00:03:04]} {[%emt 00:00:02]} 3. Bg2 {[%clk 00:03:08]} g6
{[%clk 00:03:05]} {[%emt 00:00:01]} 4. Nc3 {[%clk 00:03:09]} {[%emt 00:00:01]}
Bg7 {[%clk 00:03:06]} 5. d4 {[%clk 00:03:09]} {[%emt 00:00:02]} O-O {[%clk
00:03:06]} {[%emt 00:00:02]} 6. h4 {[%clk 00:03:07]} {[%emt 00:00:04]} d6
{[%clk 00:02:54]} {[%emt 00:00:14]} 7. Bg5 {[%clk 00:02:58]} {[%emt 00:00:10]}
h6 {[%clk 00:02:45]} {[%emt 00:00:11]} 8. Bf4 {[%clk 00:02:59]} {[%emt
00:00:02]} Qe8 {[%clk 00:02:44]} {[%emt 00:00:03]} 9. Nh3 {[%clk 00:02:56]}
{[%emt 00:00:05]} e5 {[%clk 00:02:37]} {[%emt 00:00:08]} 10. dxe5 {[%clk
00:02:31]} {[%emt 00:00:27]} dxe5 {[%clk 00:02:38]} {[%emt 00:00:01]} 11. Be3
{[%clk 00:02:32]} {[%emt 00:00:02]} e4 {[%clk 00:02:31]} {[%emt 00:00:08]} 12.
Qd2 {[%clk 00:02:27]} {[%emt 00:00:08]} Kh7 {[%clk 00:02:26]} {[%emt 00:00:07]}
13. Nf4 {[%clk 00:02:15]} {[%emt 00:00:14]} Be6 {[%clk 00:02:20]} {[%emt
00:00:06]} 14. Ncd5 {[%clk 00:02:10]} {[%emt 00:00:09]} Bxd5 {[%clk 00:01:51]}
{[%emt 00:00:31]} 15. cxd5 {[%clk 00:02:06]} {[%emt 00:00:06]} Ng4 {[%clk
00:01:31]} {[%emt 00:00:22]} 16. Bd4 {[%clk 00:01:54]} {[%emt 00:00:13]} Bxd4
{[%clk 00:01:30]} {[%emt 00:00:04]} 17. Qxd4 {[%clk 00:01:54]} {[%emt
00:00:01]} Qe5 {[%clk 00:01:23]} {[%emt 00:00:08]} 18. Qb4 {[%clk 00:01:47]}
{[%emt 00:00:10]} Rg8 {[%clk 00:01:12]} {[%emt 00:00:11]} 19. Qxb7 {[%clk
00:01:42]} {[%emt 00:00:10]} Nd7 {[%clk 00:01:07]} {[%emt 00:00:06]} 20. Qc6
{[%clk 00:01:43]} {[%emt 00:00:02]} Nb6 {[%clk 00:01:00]} {[%emt 00:00:08]} 21.
h5 {[%clk 00:01:29]} {[%emt 00:00:17]} g5 {[%clk 00:00:50]} {[%emt 00:00:12]}
22. Ne6 {[%clk 00:01:15]} {[%emt 00:00:16]} Qxb2 {[%clk 00:00:26]} {[%emt
00:00:26]} 23. Qxc7+ {[%clk 00:01:06]} {[%emt 00:00:10]} Kh8 {[%clk 00:00:27]}
24. O-O {[%clk 00:00:52]} {[%emt 00:00:16]} Nxd5 {[%clk 00:00:13]} {[%emt
00:00:17]} 25. Qf7 {[%clk 00:00:44]} {[%emt 00:00:08]} Qf6 {[%clk 00:00:07]}
{[%emt 00:00:09]} 26. Qd7 {[%clk 00:00:37]} {[%emt 00:00:08]} Nb6 {[%clk
00:00:08]} {[%emt 00:00:03]} 27. Qd4 {[%clk 00:00:34]} {[%emt 00:00:05]} Qxd4
{[%clk 00:00:05]} {[%emt 00:00:04]} 28. Nxd4 {[%clk 00:00:35]} {[%emt
00:00:02]} Rgd8 {[%clk 00:00:06]} 29. Nxf5 {[%clk 00:00:35]} {[%emt 00:00:01]}
Rd2 {[%clk 00:00:07]} {[%emt 00:00:01]} 30. Rfe1 {[%clk 00:00:35]} {[%emt
00:00:03]} Rc8 {[%clk 00:00:05]} {[%emt 00:00:04]} 31. f3 {[%clk 00:00:35]}
{[%emt 00:00:02]} exf3 {[%clk 00:00:04]} {[%emt 00:00:02]} 32. Bxf3 {[%clk
00:00:34]} {[%emt 00:00:03]} Ne5 {[%clk 00:00:03]} {[%emt 00:00:03]} 33. Rec1
{[%clk 00:00:22]} {[%emt 00:00:14]} Rxc1+ {[%emt 00:00:03]} 34. Rxc1 {[%emt
00:00:01]} Nxf3+ 35. exf3 Rxa2 {[%clk 00:03:02]} {[%emt 00:00:01]} 36. Nxh6
{[%clk 00:03:02]} 1-0